| 000 | 01628cam a22003614a 4500 | ||
|---|---|---|---|
| 001 | 13680788 | ||
| 003 | OSt | ||
| 005 | 20180117085952.0 | ||
| 008 | 040809s2005 enka b 001 0 eng | ||
| 010 | _a 2004018698 | ||
| 020 | _a0195179641 (hardcover : alk. paper) | ||
| 040 |
_aDLC _cDLC _dDLC |
||
| 042 | _apcc | ||
| 050 | 0 | 0 |
_aBF592.F33 _bW43 2005 |
| 082 | 0 | 0 |
_a153.6/9 _222 |
| 245 | 0 | 0 |
_aWhat the face reveals : _bbasic and applied studies of spontaneous expression using the facial action coding system (FACS) / _cedited by Paul Ekman & Erika L. Rosenberg. |
| 250 | _a2nd ed. | ||
| 260 |
_aOxford ; _aNew York : _bOxford University Press, _cc2005. |
||
| 300 |
_axxi, 639 p. : _bill. ; _c25 cm. |
||
| 440 | 0 | _aSeries in affective science | |
| 504 | _aIncludes bibliographical references and index. | ||
| 650 | 0 | _aFacial expression. | |
| 650 | 0 | _aBody language. | |
| 700 | 1 | _aEkman, Paul. | |
| 700 | 1 | _aRosenberg, Erika L. | |
| 856 | 4 | 1 |
_3Table of contents only _uhttp://www.loc.gov/catdir/toc/ecip0421/2004018698.html |
| 856 | 4 | 2 |
_3Publisher description _uhttp://www.loc.gov/catdir/enhancements/fy0638/2004018698-d.html |
| 856 | 4 | 2 |
_3Contributor biographical information _uhttp://www.loc.gov/catdir/enhancements/fy0724/2004018698-b.html |
| 906 |
_a7 _bcbc _corignew _d1 _eecip _f20 _gy-gencatlg |
||
| 942 |
_2ddc _cBK |
||
| 999 |
_c2931 _d2931 |
||